Creating the twentieth century : technical innovations of 1867-1914 and their lasting impact

Αποθηκεύτηκε σε:
Λεπτομέρειες βιβλιογραφικής εγγραφής
Κύριος συγγραφέας: Smil, Vaclav
Μορφή: Βιβλίο
Γλώσσα:English
Δημοσίευση: Oxford : Oxford University Press, c2005
Θέματα:
Ετικέτες: Προσθήκη ετικέτας
Δεν υπάρχουν, Καταχωρήστε ετικέτα πρώτοι!

MARC

LEADER 00000nam a2200000 i 4500
001 1/98327
008 081126s2005 eng d
020 |a 978-0-19-516874-4 
020 |a 0-19-516874-7 
035 |l 10102052 
040 |a GR-MY-UA  |b gre  |e aacr 
041 0 |a eng 
082 0 |a 609.034  |2 (22) 
100 1 |a Smil, Vaclav. 
245 1 0 |a Creating the twentieth century :  |b technical innovations of 1867-1914 and their lasting impact /  |c Vaclav Smil 
260 |a Oxford :   |b Oxford University Press,   |c c2005 
300 |a ix, 350 σ.;  |b εικ., σχ.;  |c 23 εκ. 
504 |a Περιλαμβάνει βιβλιογραφικές παραπομπές και ευρετήριο 
650 0 0 |a Technological innovations  |x History  |y 19th century. 
650 0 0 |a Technological innovations  |x History  |y 20th century. 
852 |a INST  |b CHIOS  |e 20081126  |h 609.034 SMI  |p 005200030685  |q 005200030685  |t BK  |y 0 
901 |a BIBL2-2008-3 
909 |a Χ  |b 156311 
922 |a 2ΕΛΗ  |b 200810  |c ΕΠΕΑΕΚ2/ΤΝΕΥ  |d Ι. ΜΙΧΑΛΟΠΟΥΛΟΣ 
970 |a ΒΑΣΙΛΑΚΗ  |b ΝΙΚΗ  |z 2008/11/26